| 000 | 01754nam2a22002651 4500 | ||
|---|---|---|---|
| 001 | RU\NLR\INFOCOMM18\1000236640 | ||
| 005 | 20250617033220.0 | ||
| 035 | _a(NLR Aleph) 002417148 | ||
| 090 |
_a1870262 _c1870262 |
||
| 100 | _a20050122d1964 |||y0rusy50 ca | ||
| 101 | 0 | _arus | |
| 102 | _aRU | ||
| 105 | _ay ||||||||| | ||
| 200 | 1 |
_aПроизводство и использование азота высокой чистоты за рубежом _fЕ.А. Ницкевич, А.Я. Ленков |
|
| 210 |
_d1964 _aБ. м. |
||
| 461 | 0 |
_1001RU\NLR\INFOCOMM18\1000236617 _12001#$aИнформация$hСерия 13$iЭнергетика предприятий черной металлургии$fМ-во черной металлургии СССР. Центр. науч.-исслед. ин-т информации и техн.-экон. исследований черной металлургии$v1964, №2 _91870057 _aЦентральный научно-исследовательский институт информации и технико-экономических исследований черной металлургии (Москва) _cМ. _d1960-1967 _fМ-во черной металлургии СССР. Центр. науч.-исслед. ин-т информации и техн.-экон. исследований черной металлургии _hСерия 13 _iЭнергетика предприятий черной металлургии _tИнформация _v1964, №2 |
|
| 700 | 1 |
_aНицкевич _bЕ.А. _4070 |
|
| 701 | 1 |
_aЛенков _bА.Я. _4070 |
|
| 801 | 1 |
_aRU _bInfoComm _c20050122 |
|
| 801 | 0 |
_aRU _bNLR _gPSBO |
|
| 852 |
_aNLR _jП11/1904 |
||
| 942 | _cISSUE | ||
| 980 | _aNB | ||
| 980 | _aRUSPER | ||